Longest Country Names - Statistics

General Stats
  • This quiz has been taken 12 times
  • The average score is 2 of 6
Answer Stats
Hint Answer % Correct
56 The United Kingdom Of Great Britain And Northern Ireland
100%
41 The Democratic People's Republic Of Korea
40%
45 Democratic Republic Of Sao Tome And Principe
20%
40 Federal Democratic Republic Of Ethiopia
20%
46 Independent And Sovereign Republic Of Kiribati
20%
41 The Former Yugoslav Republic Of Macedonia
20%
No matching quizzes found
Score Distribution
Percent of People with Each Score
Percentile by Number Answered
Your Score History
You have not taken this quiz